000 01340nam a2200433 i 4500
001 8948
003 KOSZ 005
005 20221124102013.0
008 070819s1969 pl a g 001 0 pol
015 _aPB 1969/4188
040 _aWA N
_cWA N
_dKOSZ 005/RW
_dKOSZ 005/HR
046 _k1969
080 _a121
080 _a130.2
080 _a2-18
080 _a272
080 _a008
100 1 _aKuczyński, Janusz
_d(1930-2017)
_eAutor
245 1 0 _aŻyć i filozofować /
_cJanusz Kuczyński.
260 _aWarszawa :
_b"Książka i Wiedza",
_c1969.
300 _a543, [5] s. :
_bil. ;
_c18 cm.
336 _2rdacontent
_aTekst
_btxt
337 _2rdamedia
_aBez urządzenia pośredniczącego
_bn
338 _2rdacarrier
_aWolumin
_bnc
380 _aKsiążki
388 _a1901-2000
388 _a1945-1989
504 _aIndeks.
650 4 _aAntropologia filozoficzna
650 4 _aFilozofia kultury
650 4 _aKatolicyzm
650 4 _aSzczęście
650 4 _aŚwiatopogląd
658 _aFilozofia i etyka
658 _aReligia i duchowość
710 2 _aSpółdzielnia Wydawniczo-Handlowa "Książka i Wiedza"
_4pbl.
856 _uhttp://koha.tu.koszalin.pl/cgi-bin/koha/opac-detail.pl?biblionumber=8948
_yKatalog online BPK
942 _2UKD
_cKS
999 _c8948
_d8948